The chemist's electronic books of orbitals

Saved in:
Bibliografiske detaljer
Main Authors: Clark, Tim (Author), Koch, Rainer (Author)
Format: Bog
Sprog:engelsk
Udgivet: Berlín Springer 1998
Udgivelse:1a. ed
Fag:
Tags: Tilføj Tag
Ingen Tags, Vær først til at tagge denne postø!

MARC

LEADER 00000cam a2200000 a 4500
001 UCD2761
003 CL-VaPUC
008 160505e19980000gw |||||||||||||||||eng|d
020 |a 3540637265 
082 0 4 |a 541.28  |b CLA  |2 21 
100 0 |a Clark, Tim  |e author  |9 586132 
700 0 |a Koch, Rainer  |e author  |9 586133 
245 1 4 |a The chemist's electronic books of orbitals 
250 |a 1a. ed 
300 |a 96 p 
942 |c BK 
945 |d 20160505 16:04:00  |a arojas 
260 |a Berlín  |b Springer  |c 1998 
650 7 |a ORBITALES MOLECULARES  |2 CL-VaPUC  |9 306803 
650 7 |a QUIMICA CUANTICA  |2 CL-VaPUC  |9 586134 
650 0 |a Moléculas   |9 259584 
650 0 |a Hidrógeno   |9 360743 
650 0 |a Energía   |9 259431 
650 0 |a Ecuaciones  |9 260137 
650 7 |a RESONANCIA  |2 CL-VaPUC  |9 356868 
650 7 |a CALCULOS  |2 CL-VaPUC  |9 351735 
583 |a last modification  |c 20160505 16:04:00  |k Rodrigo Vera 
999 |c 363882  |d 363880 
952 |0 0  |1 0  |3 erb  |4 0  |6 541_280000000000000_CLA_1998  |7 0  |8 A  |9 476712  |a BIBCUR  |b BIBCUR  |i 5284775  |o 541.28 CLA 1998  |p 5284775  |r 2025-04-22  |w 2019-11-24  |y BK  |z Catalogado en:20160505  |k QUI